Biblioteca y Centro de Documentación

Estructuras de racionalidad en educación para la salud (Registro nro. 29717)

Detalles MARC
000 -CABECERA
Longitud fija campo de control 00889naa a2200241 c 4500
001 - NÚMERO DE CONTROL
Número de control 29717
003 - IDENTIFICADOR DE NÚMERO DE CONTROL
Identificador del número de control ES-MaCES
005 - FECHA Y HORA DE LA ÚLTIMA TRANSACCIÓN
Fecha y hora de la última transacción 19981124152500.0
008 - CAMPO FIJO DE DESCRIPCIÓN FIJA--INFORMACIÓN GENERAL
Códigos de información de longitud fija   960604n1995 sp ||| | spa d
035 ## - NÚMERO DE CONTROL DEL SISTEMA
Número de control del sistema CES19980036627v
040 ## - FUENTE DE CATALOGACIÓN
Centro catalogador de origen ES-MaCES
Lengua de catalogación spa
Centro transcriptor ES-MaCES
245 00 - MENCIÓN DE TÍTULO
Título Estructuras de racionalidad en educación para la salud
Resto del título : fundamentos y sistematización
Mención de responsabilidad, etc. Antonio Sánchez Moreno ... [et al.]
500 ## - NOTA GENERAL
Nota general Resumen en castellano e inglés
504 ## - NOTA DE BIBLIOGRAFÍA, ETC.
Nota de bibliografía, etc. Bibliografía: p. 12-15
650 #4 - ASIENTO SECUNDARIO DE MATERIA--TÉRMINO DE MATERIA
Término de materia o nombre geográfico como elemento inicial planificación de programas
9 (RLIN) 28205
650 #4 - ASIENTO SECUNDARIO DE MATERIA--TÉRMINO DE MATERIA
Término de materia o nombre geográfico como elemento inicial educación sanitaria
9 (RLIN) 29280
653 10 - TÉRMINO DE INDEXACIÓN--NO CONTROLADO
Término no controlado Salud
700 1# - ENCABEZAMIENTO SECUNDARIO--NOMBRE PERSONAL
Nombre de persona Sánchez Moreno, Antonio
9 (RLIN) 23303
773 0# - ENTRADA DE DOCUMENTO FUENTE
Título Revista de sanidad e higiene pública
Parte(s) relacionada(s) Madrid. - Vol. 69, n. 1 (en.-feb. 1995) ; p. 5-15
Número de control del registro relacionado (ES-MaCES)25129
902 ## - CES. TIPO DE DOCUMENTO
Tipodoc (006$c Sirtex) ART Artículo de revista
942 ## - ELEMENTOS KOHA
Fuente de clasificaión o esquema Clasificación propia del CES
Koha [por defecto] tipo de item Artículos (1982-2017)
Parte de clasificación 3.1.

No hay ítems disponibles.

© CES, Consejo Económico y Social de España 2021